00227nam a2200097Ia 4500008004100000100001800041245002700059260002600086260000900112300000800121170620s9999 xx 000 0 und d aSingh-Agyajit 0aPsychology of Coaching bNew delhi.Friends Pub c2004 a208